000 00690cam a22002413a 4500
001 3788
003 PGUSA
005 20140828083038.0
008 030201s2003||||xxu|||||s|||||000 | eng d
040 _aPGUSA
_beng
042 _adc
050 4 _aML
100 1 _aHadden, J. Cuthbert
_q(James Cuthbert),
_d1861-1914
245 1 0 _aHaydn
_h[electronic resource] /
_cJ. Cuthbert Hadden
260 _bProject Gutenberg,
_c2003
506 _aPublic domain in the USA.
516 _aElectronic text
653 _aHaydn, Joseph, 1732-1809
653 _aComposers -- Austria -- Biography
830 0 _aProject Gutenberg
_v3788
856 4 0 _uhttp://www.gutenberg.org/ebooks/3788
942 _cEB
999 _c233117
_d233117